[Event "14th Ugra Governor's Cup"]
[Site "Khanty-Mansiysk RUS"]
[Date "2018.11.25"]
[Round "9.10"]
[White "Mochalin, Faddey"]
[Black "Belyakov, Bogdan"]
[Result "0-1"]
[BlackTitle "IM"]
[WhiteElo "2064"]
[BlackElo "2458"]
[WhiteFideId "34147290"]
[BlackFideId "24104795"]
[EventDate "2018.11.17"]

1. d4 Nf6 2. c4 g6 3. Nc3 Bg7 4. e4 d6 5. f3 O-O 6. Be3 c5 7. Nge2 Nc6 8. d5 Ne5
9. Ng3 e6 10. Be2 exd5 11. cxd5 a6 12. a4 Bd7 13. h3 b5 14. f4 Nc4 15. Bxc4 bxc4
16. O-O Re8 17. Qf3 Rb8 18. Rf2 Rb3 19. f5 Qe7 20. Re1 gxf5 21. exf5 Qe5 22.
Rfe2 Rxc3 23. bxc3 Qxc3 24. Nh5 Nxh5 25. Qxh5 Qd3 26. Bh6 Rxe2 27. Rxe2 Bxh6 28.
Qxh6 Qxe2 29. f6 Qe1+ 30. Kh2 Qe5+ 31. Kg1 Qg3 32. Qc1 Bxh3 0-1